000
00248nam a2200109Ia 4500
008
190216s9999||||xx |||||||||||||| ||und||
100
_a
Irwin Porges
245
4
_a
The Seventh Secret
260
_b
Sphere Books Ltd
650
_a
English
942
_c
BK
999
_c
13333
_d
13333